A text book on estimating, costing (civil) and civil drawings. (Record no. 1762)
[ view plain ]
| 000 -LEADER | |
|---|---|
| fixed length control field | 00382 a2200121 4500 |
| 020 ## - INTERNATIONAL STANDARD BOOK NUMBER | |
| International Standard Book Number | 8121903327 |
| 082 ## - DEWEY DECIMAL CLASSIFICATION NUMBER | |
| Classification number | 692.5 KOH |
| 100 ## - MAIN ENTRY--PERSONAL NAME | |
| Personal name | Kohli, D. D. [from old catalog] |
| 245 02 - TITLE STATEMENT | |
| Title | A text book on estimating, costing (civil) and civil drawings. |
| 250 ## - EDITION STATEMENT | |
| Edition statement | 2d rev. and enl. ed. |
| 260 ## - PUBLICATION, DISTRIBUTION, ETC. | |
| Place of publication, distribution, etc. | Ambala Cantt., |
| Name of publisher, distributor, etc. | Ramesh Publications, |
| Date of publication, distribution, etc. | 1962. |
| 300 ## - PHYSICAL DESCRIPTION | |
| Extent | 212 p. |
| Other physical details | illus. |
| Dimensions | 25 cm. |
| 650 ## - SUBJECT ADDED ENTRY--TOPICAL TERM | |
| Topical term or geographic name entry element | Engineering |
| General subdivision | Estimates. |
| Withdrawn status | Lost status | Damaged status | Not for loan | Permanent Location | Current Location | Shelving location | Date acquired | Total Checkouts | Total Renewals | Full call number | Barcode | Checked out | Date last seen | Date last checked out | Price effective from | Koha item type |
|---|---|---|---|---|---|---|---|---|---|---|---|---|---|---|---|---|
| School of Civil and Environmental Engineering (SCEE) | School of Civil and Environmental Engineering (SCEE) | 2 | 1 | 692.5 KOH | NIT-351 | 02/17/2024 | 10/20/2023 | 10/20/2023 | 01/05/2017 | Book | ||||||
| School of Civil and Environmental Engineering (SCEE) | School of Civil and Environmental Engineering (SCEE) | 2 | NIT-3743 | 06/13/2022 | 02/08/2022 | 01/05/2017 | Book |
